|
|
|
|
| LEADER |
01321nam a22003497a 4500 |
| 001 |
35329 |
| 003 |
BD-DhAAL |
| 005 |
20211129145148.0 |
| 008 |
190908t1999 nyua b 001 0 eng d |
| 999 |
|
|
|c 41146
|d 41146
|
| 010 |
|
|
|a 96010995
|
| 020 |
|
|
|a 0176165592
|
| 020 |
|
|
|a 9780176165598
|
| 020 |
|
|
|a 0827372825
|
| 040 |
|
|
|a DLC
|c DLC
|d DLC
|d BD-DhAAL
|
| 043 |
|
|
|a n-us---
|
| 050 |
0 |
0 |
|a LB1775.6
|b .G47 1997
|
| 082 |
0 |
0 |
|a 372.21
|2 20
|
| 100 |
1 |
|
|a Gestwicki, Carol,
|d 1940-
|9 34168
|
| 245 |
1 |
4 |
|a The essentials of early education /
|c Carol Gestwicki.
|
| 250 |
|
|
|a First Canadian edition
|
| 260 |
|
|
|a Toronto, Ont. :
|b ITP Nelson,
|c c1999.
|
| 300 |
|
|
|a xii, 334 pages :
|b illustrations ;
|c 26 cm.
|
| 504 |
|
|
|a Includes bibliographical references and index.
|
| 526 |
|
|
|a BIED
|
| 541 |
|
|
|a Complimentary copy from BIED
|e 35329
|
| 650 |
|
0 |
|a Early childhood teachers
|z United States.
|9 34169
|
| 650 |
|
0 |
|a Teaching
|x Vocational guidance
|z United States.
|9 34170
|
| 650 |
|
0 |
|a Early childhood education
|z United States.
|9 34171
|
| 852 |
|
|
|a Ayesha Abed Library
|c BIED Collection
|
| 942 |
|
|
|2 ddc
|c BK
|
| 952 |
|
|
|0 0
|1 0
|2 ddc
|4 0
|6 372_210000000000000_GES
|7 0
|9 66175
|a BRACUL
|b BRACUL
|c GEN
|d 2019-09-08
|e Complimentary copy from BIED
|l 0
|o 372.21 GES
|p 3010035329
|r 2019-09-08
|t 1
|w 2019-09-08
|y BK
|x Transferred from BIED to General Stacks
|